|
|
|
|
| LEADER |
00000cam a2200000 7i4500 |
| 001 |
0000003385 |
| 005 |
20050824.0 |
| 020 |
0 |
0 |
|a 9837201460
|
| 090 |
0 |
0 |
|a 370.1523
|b MAG
|
| 100 |
1 |
0 |
|a Mager, Robert F. [
|q (Frank), ,
|d 1923-
|
| 245 |
1 |
0 |
|a Developing attitude toward learning :
|b or SMATs 'n' SMUTs
|c Robert F. Mager
|
| 250 |
0 |
0 |
|a 2nd ed.
|
| 260 |
0 |
0 |
|a Kuala Lumpur :
|b Golden Books Centre ,
|c 1995
|
| 300 |
|
|
|a ix, 116p. :
|b ill. ;
|c 22cm.
|
| 650 |
0 |
0 |
|a Classroom management
|
| 650 |
0 |
0 |
|a Group work in education
|
| 650 |
0 |
0 |
|a Interaction analysis in education
|
| 650 |
0 |
0 |
|a Learning, Psychology of
|
| 999 |
|
|
|a 0000006283
|b Monograph
|c Open Shelf
|e Default branch
|